000 00684nam 22002173 4500
001 196474
010 _a972-40-1461-4
021 _aPT
_b156985/00
090 _a196474
100 _a20250604d u||y0pory50 ba
200 _aOs direitos do homem à escala das civilizações
_eproposta de análise a partir do confronto dos modelos Ocidental e Islâmico
_fPatrícia Jerónimo
210 _aPorto
_cAlmedina
_d2001
215 _ap.
_cbrochado
_d23 cm
606 _97813
_aDireito
610 _aDireitos humanos
610 _aDireitos e deveres do cidadão
675 _a342.7
_vPT
_zpor
700 _912566
_aJerónimo
_bPatrícia
801 _aPT
_bBMMN
_gRPC
830 _cAna
_fAna
990 _cLIVROS